Southville International School and Colleges
Your cart is empty.
  • Cart
  • Lists
    Public lists Eva Luna New books Lux_list list_1
    Your lists Log in to create your own lists
  • Log in to your account
  • Your cookies
  • Search history
Southville International School and Colleges
  • Advanced search
  • Recent comments
  • Most popular
  • Libraries

Log in to your account

Log in with GOOGLE


If you do not have an external account, but do have a local account, you can still log in:

  1. Home
  2. MARC view: Hungry ghosts :
Normal view MARC view ISBD view

Hungry ghosts : (Record no. 2020)

[ view plain ]
MARC details
000 -LEADER
fixed length control field 01457pam a2200397 a 4500
001 - CONTROL NUMBER
control field 3073049
003 - CONTROL NUMBER IDENTIFIER
control field OSt
005 - DATE AND TIME OF LATEST TRANSACTION
control field 20140310181722.0
008 - FIXED-LENGTH DATA ELEMENTS--GENERAL INFORMATION
fixed length control field 971120r19981996nyua b 001 0 eng
010 ## - LIBRARY OF CONGRESS CONTROL NUMBER
LC control number 97044007
020 ## - INTERNATIONAL STANDARD BOOK NUMBER
International Standard Book Number 0805056688
040 ## - CATALOGING SOURCE
Original cataloging agency DLC
Transcribing agency DLC
Modifying agency DLC
050 00 - LIBRARY OF CONGRESS CALL NUMBER
Classification number HC 430.F3
Item number B33 1998
082 00 - DEWEY DECIMAL CLASSIFICATION NUMBER
Classification number IB 363.80951
Item number B38 1998
100 1# - MAIN ENTRY--PERSONAL NAME
Personal name Becker, Jasper.
245 10 - TITLE STATEMENT
Title Hungry ghosts :
Remainder of title Mao's secret famine /
Statement of responsibility, etc Jasper Becker.
250 ## - EDITION STATEMENT
Edition statement 1st Owl Books ed.
260 ## - PUBLICATION, DISTRIBUTION, ETC. (IMPRINT)
Place of publication, distribution, etc New York :
Name of publisher, distributor, etc Henry Holt,
Date of publication, distribution, etc 1998.
300 ## - PHYSICAL DESCRIPTION
Extent xiii, 380 p. :
Other physical details ill. ;
Dimensions 24 cm.
500 ## - GENERAL NOTE
General note "An Owl book."
500 ## - GENERAL NOTE
General note Originally published: New York : The Free Press, c1996. With some corrections made.
504 ## - BIBLIOGRAPHY, ETC. NOTE
Bibliography, etc Includes bibliographical references (p. [345]-366) and index.
521 ## - TARGET AUDIENCE NOTE
Target audience note
Source lexile
526 ## - STUDY PROGRAM INFORMATION NOTE
Reading level 1210L to 1700L
541 ## - IMMEDIATE SOURCE OF ACQUISITION NOTE
-- 1
562 ## - COPY AND VERSION IDENTIFICATION NOTE
Number of copies 1
600 10 - SUBJECT ADDED ENTRY--PERSONAL NAME
Personal name Mao, Zedong,
Dates associated with a name 1893-1976.
650 #0 - SUBJECT ADDED ENTRY--TOPICAL TERM
Topical term or geographic name as entry element Famines
Geographic subdivision China.
650 #0 - SUBJECT ADDED ENTRY--TOPICAL TERM
Topical term or geographic name as entry element Food supply
Geographic subdivision China.
856 42 - ELECTRONIC LOCATION AND ACCESS
Materials specified Contributor biographical information
Uniform Resource Identifier <a href="http://www.loc.gov/catdir/bios/hol056/97044007.html">http://www.loc.gov/catdir/bios/hol056/97044007.html</a>
856 42 - ELECTRONIC LOCATION AND ACCESS
Materials specified Publisher description
Uniform Resource Identifier <a href="http://www.loc.gov/catdir/description/hol055/97044007.html">http://www.loc.gov/catdir/description/hol055/97044007.html</a>
906 ## - LOCAL DATA ELEMENT F, LDF (RLIN)
a 7
b cbc
c orignew
d 1
e ocip
f 19
g y-gencatlg
942 ## - ADDED ENTRY ELEMENTS (KOHA)
Source of classification or shelving scheme Library of Congress Classification
Koha item type
Call number prefix
987 ## - LOCAL ROMANIZATION/CONVERSION HISTORY (OCLC)
Romanization/conversion identifier PINYIN
Agency that converted, created or reviewed DLC
Date of conversion or review 20020626
Status code c
Holdings
Withdrawn status Lost status Source of classification or shelving scheme Damaged status Home library Current library Shelving location Date acquired Total Checkouts Full call number Barcode Date last seen Copy number Price effective from Koha item type
    Library of Congress Classification   Luxembourg Library Luxembourg Library International Baccalaureate Section 03/06/2013   HC 430.43 .B33 1998 14529 08/13/2013 1 03/06/2013 Books

Hungry ghosts :

APA

Becker J., . (1998). Hungry ghosts. New York: Henry Holt.

Chicago

Becker Jasper, . 1998. Hungry ghosts. New York: Henry Holt.

Harvard

Becker J., . (1998). Hungry ghosts. New York: Henry Holt.

MLA

Becker Jasper, . Hungry ghosts. New York: Henry Holt. 1998.

  • Place hold
  • Print
  • Cite
  • Add to your cart (remove)
  • Save record
    BIBTEX Dublin Core MARCXML MARC (non-Unicode/MARC-8) MARC (Unicode/UTF-8) MARC (Unicode/UTF-8, Standard) MODS (XML) RIS
  • More searches
    Search for this title in:
    Other Libraries (WorldCat) Other Databases (Google Scholar) Online Stores (Bookfinder.com) Open Library (openlibrary.org)

Exporting to Dublin Core...

SOUTHVILLE LIBRARY

Southville International School and Colleges Library

1281 Tropical Ave. Cor. Luxembourg St., BF Homes International, Las Pinas City

Tel. No. 8256374 / 252358 Loc. 117/146

Powered by Koha